Language Quiz

Random Language or Spanish Quiz

100 Commonest Spanish Words Quiz Stats

 Plays Quiz Updated Feb 4, 2020

Support Sporcle.
Go Orange.
Score 0/100 Timer 10:00
3 Plays Today
Rank Word % Correct
1.el/la
89.9%
5.a
85.7%
41.él
83.6%
10.no
83.4%
70.
80.9%
34.si
80.8%
26.o
80.5%
4.y
79.7%
33.la (pronoun)
77.4%
3.que
73.5%
47.qué
73.5%
9.se
72.6%
2.de
71.7%
49.mi
69.9%
20.lo (article)
69.4%
21.lo (pronoun)
69.4%
29.este/esta
69.2%
12.por
69.1%
52.yo
67.7%
7.un/una
67.6%
35.me
67.2%
6.en
60.7%
16.como
60.5%
69.ella
60.3%
8.ser
59.5%
65.nos
57.2%
19.le
56.5%
15.para
56%
13.con
55.8%
56.dos
55.8%
30.ir
55.2%
17.estar
53.5%
72.uno
51.5%
18.tener
50.1%
Rank Word % Correct
14.su
49.1%
38.porque
49%
84.donde
48.7%
40.cuando
47.8%
25.hacer
47.1%
37.ver
46.1%
24.más
44.3%
71.día
42.9%
73.bien
42.7%
43.sin
42.2%
23.pero
41.7%
11.haber
39.4%
64.ni
38.5%
45.mucho
38.4%
92.hablar
38.2%
32.ese/esa
37.6%
42.muy
37.5%
27.poder
36.3%
28.decir
35.9%
57.querer
34.7%
95.nada
33.3%
39.dar
33.3%
22.todo
33.2%
46.saber
33.1%
98.menos
32.8%
53.también
29.7%
55.año
29.6%
80.hombre
29.5%
63.eso
29.5%
77.poner
29.3%
54.hasta
28.6%
36.ya
28.3%
68.tiempo
28.2%
48.sobre
26.9%
Rank Word % Correct
83.tan
26.8%
62.grande
26.6%
31.otro
26.4%
61.desde
26%
44.vez
26%
74.poco
25.3%
85.ahora
25%
90.siempre
24.7%
82.nuestro
24.5%
87.después
23.9%
59.así
23.6%
58.entre
22.7%
91.creer
21.3%
96.cada
21.1%
78.cosa
20.9%
66.llegar
20.7%
93.llevar
20.7%
76.entonces
20.5%
50alguno
20.4%
79.tanto
20.3%
51.mismo
20.2%
60.primero
19.5%
88.vida
18.7%
75.deber
18.5%
99.nuevo
18.5%
67.pasar
17.7%
100.encontrar
16.9%
89.quedar
16.1%
81.parecer
15.8%
94.dejar
15.4%
97.seguir
14.8%
86.parte
13.3%

From the Vault

A Magical Scavenger Hunt of Wizarding Britain

by bhenderson79

If you find the lot, feel free to celebrate with a warm butterbeer.
Remove Ads.
Support Sporcle.
Get the best of Sporcle when you Go Orange. This ad-free experience offers more features, more stats, and more fun while also helping to support Sporcle. Thank you for becoming a member.

Show Comments

Extras

Top Quizzes Today


Score Distribution

Your Account Isn't Verified!

In order to create a playlist on Sporcle, you need to verify the email address you used during registration. Go to your Sporcle Settings to finish the process.

Report this User

Report this user for behavior that violates our Community Guidelines.

Details: